Med Terms 101 - 200 - Statistics

General Stats
  • This quiz has been taken 34 times
  • The average score is 14 of 100
Answer Stats
Hint Answer % Correct
aur- | oto- ear
67%
thorac- chest
50%
ocul- eye
50%
oophor- ovary
50%
onco- tumor
50%
anti- against
33%
malign- bad
33%
bili- bile
33%
somato- body
33%
ovar- egg
33%
pod- foot
33%
pneum- | pulmo- lung
33%
lact- milk
33%
ment- | phren- mind
33%
macul- spot
33%
helio- sun
33%
sub- under
33%
aer- air
17%
cec- blind passage
17%
plexus braid
17%
encephal- brain
17%
bucco- cheek
17%
spiro- coil
17%
tympan- eardrum
17%
myco- fungus
17%
pilo- hair
17%
dura | scirr(h)- | scler(a)- hard
17%
acousti- hearing
17%
cor heart
17%
mening- membrane
17%
or- | stoma- mouth
17%
onych- nail, claw
17%
physio- nature
17%
umbilic- navel
17%
trachel- neck
17%
viscero- organ
17%
plak- plate
17%
-centesis puncture
17%
Iris rainbow
17%
squam- scale
17%
hypno- sleep
17%
astr- star-shaped
17%
-pexy suspension
17%
dacry- | lacrim- tear
17%
phleb- vein
17%
rug- wrinkle, fold, crease
17%
lapar- abdominal wall
0%
tarso- ankle region
0%
vesic- bladder
0%
alveol- | antr- cavity
0%
metabol(e)- change
0%
oment- covering
0%
-plasia development
0%
iso- equal
0%
cilia eyelash
0%
palpebr- eyelid
0%
dactyl- finger, toe
0%
furca- fork-shaped
0%
pyle-, pyloro gate
0%
hallux great toe, big toe
0%
sinus- hollow space
0%
colpo- hollow, vagina
0%
corne- | kerat- horny
0%
thalam- inner chamber
0%
ren kidney
0%
part- labor, bring forth
0%
myel- marrow, spinal cord
0%
fistul- pipe
0%
-tope place
0%
gravid pregnant
0%
sedat- quiet, calm
0%
radi- ray
0%
radic- root
0%
ptyal- saliva
0%
fascia- sheet, band
0%
leio- smooth
0%
glyco- sweet
0%
edema swelling
0%
orchi- testis
0%
Adnexa ties, connection
0%
histo- tissue
0%
phage to eat
0%
-crine to secrete
0%
dendr- tree, branching
0%
salpingo- tube
0%
phon- voice, sound
0%
pariet- wall
0%
sept- wall, fence
0%
-asthenia weakness
0%
sphenic- wedge
0%
ependym- wrapping
0%
No matching quizzes found
Score Distribution
Percent of People with Each Score
Percentile by Number Answered
Your Score History
You have not taken this quiz